La fundación del Instituto Nacional.
Guardat en:
| Autor principal: | |
|---|---|
| Altres autors: | |
| Format: | Llibre |
| Idioma: | anglès |
| Publicat: |
Santiago, Chile:
Imprenta Cultura,
1950.
|
| Matèries: | |
| Etiquetes: |
Afegir etiqueta
Sense etiquetes, Sigues el primer a etiquetar aquest registre!
|
MARC
| LEADER | 00000nam a22000007a 4500 | ||
|---|---|---|---|
| 003 | CL-VaPUC | ||
| 005 | 20220822114429.0 | ||
| 008 | 220310t1950 ||||| |||| 00| 0 eng d | ||
| 999 | |c 434783 |d 434781 | ||
| 040 | |c Pontificia Universidad Católica de Valparaíso | ||
| 082 | 7 | |a 373.983 FEL 1950 |2 22 | |
| 100 | |a Feliú Cruz, Guillermo |e autor |9 392726 | ||
| 245 | |a La fundación del Instituto Nacional. | ||
| 260 | |a Santiago, Chile: |b Imprenta Cultura, |c 1950. | ||
| 300 | |a XXXIV, 475 páginas. | ||
| 500 | |a c.1 Donación Familia Prof. Alejandro Guzmán Brito. | ||
| 583 | |c 20220310 |k Yessy Stephany Diaz Vidal | ||
| 610 | |a Instituto Nacional |z Chile |x Historia |9 869326 | ||
| 650 | |a Educación |z Chile |x Historia |9 869327 | ||
| 700 | |a Silva Castro, Raúl |e prólogo |9 504955 | ||
| 942 | |2 ddc |c BK |n 0 | ||
| 952 | |0 0 |1 0 |2 ddc |4 0 |6 373_983000000000000_FEL_1950 |7 0 |8 C_AGB |9 581791 |a BIBDER |b BIBDER |d 2022-03-10 |e Donación |i 5650034 |o 373.983 FEL 1950 |p 5650034 |r 2023-01-25 |t 1 |w 2022-03-10 |y BK_US |k AGB | ||